Následky júlovej povodne (Na tokoch v správe OZ Povodie Hrona v Banskobystrickom kraji)

Bibliographic Details
Main Author: Rigo, František (Author)
Format: Article
Language:Slovak

MARC

LEADER 00000nab a2200000uu 4500
001 vtls011149602
003 SK-MaSNL
005 20260303111617.0
008 230121|1999 xo |||||||||||||||||slo|
015 |a SNBRB 
035 |a (urnnbn)urn:nbn:sk:snk:ar-a09z92 
035 |a (uuid)4e766981-e6b5-4314-85d2-ce115562c437 
035 |a urn:nbn:sk:snk-abazg3 
040 |a SNKBUCL  |b slo  |c SNKBUCL  |e AACR2 
041 0 |a slo 
044 |a xo  |c SK 
100 1 |a Rigo, František  |4 aut  |9 771906 
245 1 0 |a Následky júlovej povodne  |b (Na tokoch v správe OZ Povodie Hrona v Banskobystrickom kraji)  |c František Rigo 
773 0 |t Vodohospodársky spravodajca  |g Roč. 42, č. 10 (1999), s. 12-14 
954 |a odborná, vedecká literatúra pôvodná (slovenská)  |2 lita 
958 |a OND 
958 |a EUIPO 
958 |a article14 
999 |c 1878613  |d 1880543